A Nagy Októberi Szocialista Forradalom jelentősége a szocialista társadalom építésénél Csehszlovákiában és a haladó erők győzelménél a világon tézisek az FSZM tagjáinak politikai és kőzgazdasági művelődéséhez 3. téma

Bibliographic Details
Format: Book
Language:Hungarian
PhysicalDescription:16 s. 20 cm
Published: Bratislava ÚRO 1977
Subjects:

MARC

LEADER 00000cam a2200000 a 4500
001 vtls001110816
003 SK-MaSNL
005 20260311123035.0
008 250414s1977 xo grf 00000 hun
015 |a SNBA1977/01 
020 |q (brož.) 
035 |a SNK000053659 
040 |a SNK  |b slo  |c SNK  |e AACR2 
041 0 |a hun 
043 |a e-cs--- 
044 |a xo  |c SK 
080 |a 338.1(437):947:323.27"1917"(041)=945.11  |2 1981 
080 |a 947  |2 1981 
080 |a 323.27"1917"(041)=945.11  |2 1981 
080 |a 323.27"1917"  |2 1981 
080 |a 338.1(437)(041)=945.11  |2 1981 
245 0 2 |a A Nagy Októberi Szocialista Forradalom jelentősége a szocialista társadalom építésénél Csehszlovákiában és a haladó erők győzelménél a világon  |b tézisek az FSZM tagjáinak politikai és kőzgazdasági művelődéséhez  |n 3. téma 
246 1 1 |a Význam VOSR v budovaní socialistickej spoločnosti v Československu a vo víťazstve pokrokových síl sveta 
260 |a Bratislava  |b ÚRO  |c 1977  |e Nové Zámky  |f Nitrianske tlačiarne 
300 |a 16 s.  |c 20 cm 
546 |a Súbežný názov v slovenčine 
650 0 7 |a socializmus  |2 SNKPH  |9 2151 
651 7 |a Československo  |2 SNKPHgeo  |9 21376 
655 7 |a príručky  |2 SNKPH  |9 74364 
852 |a Slovenská národná knižnica 
958 |a BQ 
958 |a TL 
958 |a OND 
999 |c 613152  |d 615082 
952 |a SNK  |b SNK  |y VYP  |7 0  |p 17A0950128  |o snkSC 42904 D1  |i snkKSP 499/78  |0 0  |1 0  |4 0  |d 2014-09-24  |l 0  |r 2026-02-23 16:29:33  |w 2026-02-23